Disney Knowledge - Statistics

General Stats
  • This quiz has been taken 28 times
  • The average score is 9 of 15
Answer Stats
Sentence Answers % Correct
Some people are worth melting for Frozen
100%
Ohana means family Lilo and stitch
96%
You have got a friend in me Toy story
87%
I want much more than this provincial life Beauty and the beast
74%
Dont just fly, Soar Dumbo
65%
Aw shucks, Pluto. I cant be mad at ya Mickey mouse
65%
A whole new world Alladin
57%
Even miracles take a little time Cinderella
57%
Think happy thoughts Peter pan
57%
I'd rather die tomorrow than living 100 years without knowing you Pocahontas
48%
If you do your best each and every day, good things are sure to come your way The princess and the frog
48%
This is the day you will always remember as the day you almost caught capitain Jack Sparrow Pirates of the carribean
43%
There is nobody like him, anywhere at all Snow white
39%
Imagination is the only weapon the war with reality Alice in wonderland
26%
If you focus on what you have left behind, You will never see what lies ahead Rattatouille
22%
No matching quizzes found
Score Distribution
Percent of People with Each Score
Percentile by Number Answered
Your Score History
You have not taken this quiz